000 01144naa a2200325 c 4500
001 26895
003 ES-MaCES
005 20150929135522.0
008 940907n1992 sp ||| | spa d
035 _aCES19980008301v
040 _aES-MaCES
_bspa
_cES-MaCES
100 1 _aGarcía Sobrino, Ernesto
_913079
245 1 0 _aSistemas de integración de la imposición personal y societaria en la CEE
_b: (análisis del sistema español)
_cErnesto García Sobrino
504 _aBibliografía: p. 133
650 4 _acuadros estadísticos
_928890
650 4 _acomparación
_928892
650 4 _aEspaña
_926964
650 4 _aarmonización
_929884
650 4 _aimpuesto sobre la renta de personas físicas
_928084
650 4 _adeducción tributaria
_928088
650 4 _adoble tributación
_928014
650 4 _asistema tributario
_928092
653 1 0 _aFiscalidad
650 4 _929020
_apaís de la UE
650 4 _926752
_aUE
773 0 _tHacienda Pública Española
_gMadrid. - 1992, n. 2 ; p. 123-133
_w(ES-MaCES)25177
902 _aART Artículo de revista
942 _2CES
_cAR
_h0.1.
999 _c26895
_d26895